Proceedings of the twentieth anniversary seminar on development of fish products in Southeast Asia : Singapore, 27-31 October, 1987
This purpose was to provide a forum for an updated exchange of information on the status of post harvest technology, to discuss common problems, to shre experience and to make recommendations for action
Đã lưu trong:
| Format: | Bog |
|---|---|
| Sprog: | Undetermined |
| Udgivet: |
Singapore
Southeast Asian Fisheries Development center
1988
|
| Fag: | |
| Tags: |
Tilføj Tag
Ingen Tags, Vær først til at tagge denne postø!
|
| Thư viện lưu trữ: | Trung tâm Học liệu Trường Đại học Cần Thơ |
|---|
| LEADER | 00897nam a2200193Ia 4500 | ||
|---|---|---|---|
| 001 | CTU_149815 | ||
| 008 | 210402s9999 xx 000 0 und d | ||
| 082 | |a 338.372 | ||
| 082 | |b P963 | ||
| 245 | 0 | |a Proceedings of the twentieth anniversary seminar on development of fish products in Southeast Asia : | |
| 245 | 0 | |b Singapore, 27-31 October, 1987 | |
| 245 | 0 | |c Organixed jointly by Marine Fisheries Research Department | |
| 260 | |a Singapore | ||
| 260 | |b Southeast Asian Fisheries Development center | ||
| 260 | |c 1988 | ||
| 520 | |a This purpose was to provide a forum for an updated exchange of information on the status of post harvest technology, to discuss common problems, to shre experience and to make recommendations for action | ||
| 650 | |a Fisheries research,Fish products,Nghiên cứu nghề cá | ||
| 904 | |i Năm | ||
| 980 | |a Trung tâm Học liệu Trường Đại học Cần Thơ | ||